01037 a2200157 45000010006000000050017000060080041000230030015000640400040000790800034001192450047001532640048002003000019002485050594002671000018008615470020260407155821.0260407a1973 arg spa dAR-UNSa-BCEJYS aAR-UNSa-BCEJYSbspacAR-UNSa-BCEJYS a94(82)xHistoria de Argentina10a¿Qué Argentina queremos los argentinos? 1aBuenos Aires :bEdiciones La Bastillac1973 a458 p.c20 cm. a1. ¿Cómo estructurar un sistema estable de poder que permita gobernar a las mayorías y garantice a las minorías el respeto de sus intereses legítimos? – 2. ¿Qué significa hoy el desarrollo, como objetivos común para los argentinos? – 3. ¿Cómo se puede integrar la sociedad argentina para que en todas las regiones del país exista una razonable igualdad de oportunidades al acceso de los bienes materiales y espirituales que ofrece el mundo contemporáneo? – 4. ¿Qué papel puede desempeñar la Argentina en el mundo multipolar, pacífico y tecnificado de hoy?1 aLuna, Félix